| 000 | 00914nac a22002417a 4500 | ||
|---|---|---|---|
| 001 | BR9800907 | ||
| 003 | BR-BrBNA | ||
| 005 | 20240105122041.0 | ||
| 008 | 230509b bl.|||m| |||| 00| 0 por d | ||
| 040 |
_aBR-BrBNA _bpor _cBiblioteca Nacional de Agricultura |
||
| 072 | _aD50; Q02 | ||
| 090 | _aD50 BR9800907 | ||
| 110 | 1 |
_aSecretaria de Defesa Agropecuaria, Brasilia, DF (Brasil) _98722 |
|
| 245 | 1 | _aRegulamento tecnico sobre as condicoes higienico-sanitarias e de boas praticas de fabricacao para estabelecimentos elaboradores/industrializadores de alimentos | |
| 260 | 3 |
_aBrasilia, DF (Brasil): _c1997. |
|
| 300 | _a13 p. | ||
| 490 |
_aSerie Regulamentacao Tecnica de Identidade e Qualidade de Produtos de Origem Animal (Brazil) _vno. 4 _x |
||
| 500 | _a(Pt); | ||
| 650 | _aHigiene de Alimento | ||
| 650 | _aRegulamentacao | ||
| 909 |
_a202312 _bLúcia Elande _c55 _dLúcia Elande |
||
| 942 |
_2AGRIS _n0 _cMS |
||
| 999 |
_c288930 _d288930 |
||